000
00311nam a2200133Ia 4500
005
20260328104248.0
008
260328s9999||||xx |||||||||||||| ||und||
100
_a
Segawa, Hugo
245
0
_a
Prelúdio da Metrópole /
_c
Hugo Segawa
260
_b
Atelie
300
_a
179 p.
650
_a
BRAZIL
942
_c
BK
999
_c
10168
_d
10168